000 00578nam a2200217Ia 4500
003 0100
008 130227s9999 xx 000 0 und d
040 _cARRUPELIB
050 _aBX1378.5.J6556 1999
100 _aSherwin, Byron L.
245 _aJohn Paul 11 and Interreligious Dialogue
260 _aNew York
260 _bOrbis Books
260 _C1999
300 _axv
300 _b 236p. 24cm.
650 _bCatholic Church - Zimbabwe
650 _cCatholic Church - Zimbabwe - Religious life
650 _dCatholic Church - Clergy - Zimbabwe
942 _2lcc
_02
999 _c6840
_d6840